00736nam a2200205Ia 4500003000900000008004100009040001600050080001500066245012400081260002800205300001000233650003600243650004100279650003800320650002800358700003400386942000700420999001300427952009000440IN-BaIIA211028s9999 xx 000 0 eng d cIIA Library a03:53bGLA 2aA dictionary of applied physicsbvol. III, meteorology, metrology and measuring apparatuscedited by Richard Glazebrook aLondonbMacmillanc1923 a839p. aApplied Physics Dictionary9605 aAstronomy and Astrophysics Thesaurus aDictionaries-Applied Physics9606 aPhysics Dictionary9607 aGlazebrook, Richard, ed.9608 cBK c303d303 00104070aBANbKODcGENd0000-00-00l0o03:53/ GLAp292r2021-11-05w0000-00-00yBK